| 000 | 01354cam a22003854a 4500 | ||
|---|---|---|---|
| 001 | 7918383 | ||
| 003 | ASAB | ||
| 005 | 20180827062530.0 | ||
| 006 | m d | ||
| 007 | cr n | ||
| 008 | 030922s2004 nju sbf 001 0 eng d | ||
| 020 | _a047185199X (cloth) | ||
| 020 | _a047185199X | ||
| 035 | _a(WaSeSS)ssj0000354954 | ||
| 040 |
_aDLC _cDLC _dASAB _dWaSeSS |
||
| 042 | _apcc | ||
| 050 | 4 |
_aTP248.27.P55 _bH43 2004 |
|
| 050 | 4 | _aTP248.27.P55 | |
| 082 | 0 | 0 |
_a660.6 _222 |
| 210 | 1 | 0 | _aHandbook of plant biotechnology |
| 245 | 0 | 0 |
_aHandbook of plant biotechnology _h[electronic resource] / _ceditors in chief, Paul Christou and Harry Klee. |
| 260 |
_aHoboken, N.J. : _bJohn Wiley & Sons, _c2004. |
||
| 300 | _a738 | ||
| 440 |
_v1&2 _91048 |
||
| 504 | _aIncludes bibliographical references and index. | ||
| 506 | _aLicense restrictions may limit access. | ||
| 650 | 0 |
_aPlant biotechnology _vHandbooks, manuals, etc. _91049 |
|
| 650 | 0 |
_aPlant genetic engineering _vHandbooks, manuals, etc. _91050 |
|
| 700 | 1 |
_aChristou, Paul. _91051 |
|
| 700 | 1 |
_aKlee, Harry. _91052 |
|
| 773 | 0 | _tWiley-Blackwell Online Reference Works | |
| 856 | 4 | 0 |
_uhttp://www.columbia.edu/cgi-bin/cul/resolve?clio7918383 _zFull text available from Wiley-Blackwell Online Reference Works |
| 910 | _aLibrary of Congress record | ||
| 942 |
_2ddc _cBK |
||
| 999 |
_c479731 _d479731 |
||